[Event "Madrid-ch 2020-2021 - Previa A"]
[Site "Madrid ESP"]
[Date "2021.02.17"]
[Round "6.10"]
[White "De Fuenmayor Fernandez de la , Carlos Pablo"]
[Black "Villodre Miranda, Juan Alonso"]
[Result "0-1"]
[WhiteElo "1386"]
[BlackElo "1577"]
[PlyCount "134"]
[EventDate "2021.02.08"]
[EventType "swiss"]
[EventRounds "9"]
[EventCountry "ESP"]
[SourceTitle "Ajedrez en Madrd"]
[Source "lmi"]
[SourceDate "2021.02.08"]
[SourceVersion "1"]
[SourceVersionDate "2021.03.04"]
[SourceQuality "1"]

1. c4 c5 2. g3 e5 3. Bg2 Nc6 4. Nc3 g6 5. e3 Bg7 6. Nge2 d6 7. O-O Nge7 8. Rb1
O-O 9. a3 a5 10. b3 Bf5 11. d3 Qd7 12. Nd5 Nxd5 13. Bxd5 Bh3 14. Bg2 Bxg2 15.
Kxg2 Rfd8 16. Nc3 Ne7 17. Qf3 d5 18. cxd5 Nxd5 19. Ne4 b6 20. Bb2 f5 21. Nd2
Ne7 22. Nc4 Qxd3 23. Bxe5 Bxe5 24. Nxe5 Qd5 25. Qxd5+ Rxd5 26. f4 Rad8 27. Rf2
Kg7 28. Kf3 b5 29. g4 fxg4+ 30. Kxg4 h5+ 31. Kf3 Kf6 32. Rg2 Rd2 33. Rbg1 Rxg2
34. Rxg2 Rd1 35. Rc2 Rb1 36. Nd7+ Kf7 37. Nxc5 Ra1 38. a4 bxa4 39. bxa4 Nd5 40.
Nb3 Rxa4 41. Rc5 Nxe3 42. Kxe3 Ra3 43. Rc7+ Kf6 44. Rc6+ Kg7 45. Rc7+ Kh6 46.
Ra7 Rxb3+ 47. Kf2 Rb5 48. Ra6 h4 49. Kf3 Kh5 50. Ra8 Rb3+ 51. Ke4 Kg4 52. Rxa5
Rb4+ 53. Ke3 Rb6 54. Ra2 Re6+ 55. Kd3 Kxf4 56. Ra4+ Kg5 57. Ra5+ Kh6 58. Ra8
Kg5 59. Ra5+ Kg4 60. Ra4+ Kh5 61. Re4 Rxe4 62. Kxe4 Kg4 63. Ke3 Kh3 64. Kf3
Kxh2 65. Kf2 g5 66. Kf1 g4 67. Kf2 g3+ 0-1

[Event "Madrid-ch 2020-2021 - Previa A"]
[Site "Madrid ESP"]
[Date "2021.02.17"]
[Round "6.12"]
[White "Alonso Pardo, Daniel"]
[Black "Darrazi Anbari, Munir"]
[Result "1-0"]
[WhiteElo "1568"]
[BlackElo "1376"]
[PlyCount "82"]
[EventDate "2021.02.08"]
[EventType "swiss"]
[EventRounds "9"]
[EventCountry "ESP"]
[SourceTitle "Ajedrez en Madrd"]
[Source "lmi"]
[SourceDate "2021.02.08"]
[SourceVersion "1"]
[SourceVersionDate "2021.03.04"]
[SourceQuality "1"]

1. d4 Nf6 2. c4 e6 3. a3 d5 4. e3 b6 5. Nf3 Be7 6. Nc3 O-O 7. cxd5 exd5 8. Be2
Bf5 9. O-O Nbd7 10. b3 c5 11. Bb2 Rc8 12. Rc1 Re8 13. Nh4 Be6 14. Bd3 Ne4 15.
Nf3 Ndf6 16. Ne5 cxd4 17. exd4 Nxc3 18. Rxc3 Rxc3 19. Bxc3 Bxa3 20. b4 Qd6 21.
Qb3 Bxb4 22. Qxb4 Qxb4 23. Bxb4 Rc8 24. Bd2 Ne4 25. Bxe4 dxe4 26. Rc1 Rxc1+ 27.
Bxc1 Kf8 28. Kf1 a5 29. Ba3+ Ke8 30. Ke2 f6 31. Nc6 Kd7 32. Ne7 b5 33. Bc5 b4
34. Kd2 f5 35. d5 Bxd5 36. Nxd5 Kc6 37. Bxb4 Kxd5 38. Bxa5 h5 39. Ke3 Ke6 40.
Kf4 Kf6 41. h4 Kg6 1-0

[Event "Madrid-ch 2020-2021 - Previa A"]
[Site "Madrid ESP"]
[Date "2021.02.17"]
[Round "6.13"]
[White "Pashov, Spas Nikolov"]
[Black "Suhayl, Muminov"]
[Result "1-0"]
[WhiteElo "1819"]
[BlackElo "1510"]
[PlyCount "120"]
[EventDate "2021.02.08"]
[EventType "swiss"]
[EventRounds "9"]
[EventCountry "ESP"]
[SourceTitle "Ajedrez en Madrd"]
[Source "lmi"]
[SourceDate "2021.02.08"]
[SourceVersion "1"]
[SourceVersionDate "2021.03.04"]
[SourceQuality "1"]

1. e4 e5 2. Nf3 Nc6 3. c3 Nf6 4. d4 exd4 5. e5 Nd5 6. cxd4 Bb4+ 7. Bd2 Bxd2+ 8.
Qxd2 d6 9. Bb5 O-O 10. O-O Bg4 11. Bxc6 bxc6 12. Qd3 Nb4 13. Qc3 Bxf3 14. Qxb4
Qg5 15. g3 Qg4 16. Qc3 Bd5 17. exd6 Qh3 18. f3 h5 19. Qc2 h4 20. Qg2 Qd7 21.
Nc3 Be6 22. Qf2 cxd6 23. gxh4 Bc4 24. Rfe1 Rfe8 25. Qg3 Rab8 26. Ne4 Re6 27.
Qf2 Rg6+ 28. Kh1 d5 29. Ng3 Re8 30. b3 Ba6 31. Rxe8+ Qxe8 32. Re1 Re6 33. Rxe6
Qxe6 34. Kg2 Qf6 35. h5 Qf4 36. h3 Bc8 37. Nh1 Kh7 38. Qc2+ Bf5 39. Qxc6 Qg5+
40. Kf2 Qd2+ 41. Kg3 Qg5+ 42. Kf2 Bxh3 43. Ng3 Qd2+ 44. Ne2 Qd1 45. Qxd5 Qf1+
46. Ke3 Qg2 47. Qxf7 Qg5+ 48. Ke4 Bf1 49. Qg6+ Qxg6+ 50. hxg6+ Kxg6 51. Nf4+
Kf7 52. Ke5 Ke7 53. d5 Bb5 54. Nh5 g5 55. Ng3 Bd7 56. Nf5+ Kf7 57. d6 a5 58.
Nh6+ Kg6 59. Ng4 Kg7 60. Nf6 g4 1-0

[Event "Madrid-ch 2020-2021 - Previa A"]
[Site "Madrid ESP"]
[Date "2021.02.22"]
[Round "7.1"]
[White "Morera Rodriguez, Ignacio"]
[Black "Vega de Alba, Miguel"]
[Result "1/2-1/2"]
[WhiteElo "1924"]
[BlackElo "1759"]
[PlyCount "120"]
[EventDate "2021.02.08"]
[EventType "swiss"]
[EventRounds "9"]
[EventCountry "ESP"]
[SourceTitle "Ajedrez en Madrd"]
[Source "lmi"]
[SourceDate "2021.02.08"]
[SourceVersion "1"]
[SourceVersionDate "2021.03.04"]
[SourceQuality "1"]

1. d4 d5 2. Nf3 Nf6 3. c4 e6 4. g3 Bb4+ 5. Bd2 Be7 6. Bg2 O-O 7. O-O c6 8. Qc2
Nbd7 9. Bf4 b6 10. Rd1 Ba6 11. Ne5 Nh5 12. Bc1 Rc8 13. cxd5 cxd5 14. Nc6 Qe8
15. Nxe7+ Qxe7 16. Qd2 Nhf6 17. b3 Rfd8 18. Ba3 Qe8 19. Nc3 Rc7 20. Rac1 Rdc8
21. h3 h6 22. g4 g5 23. h4 Nh7 24. e4 dxe4 25. Nxe4 Rxc1 26. Bxc1 Qe7 27. hxg5
hxg5 28. f4 Ndf6 29. fxg5 Nd5 30. Qf2 Qc7 31. Qh4 Qe7 32. Qh6 Qf8 33. g6 Qxh6
34. gxf7+ Kg7 35. Bxh6+ Kxh6 36. Nd6 Rd8 37. Be4 Ng5 38. Rc1 Nxe4 39. Nxe4 Kg7
40. Rc6 Kxf7 41. Ng5+ Ke7 42. Rxe6+ Kd7 43. Rh6 Rg8 44. Rh7+ Kc6 45. Ne6 Rxg4+
46. Kf2 Bc8 47. Nd8+ Kb5 48. Rxa7 Rxd4 49. a4+ Kb4 50. Nc6+ Kc5 51. Nxd4 Kxd4
52. Rh7 Kc3 53. Rh3+ Kd4 54. Rh4+ Kd3 55. b4 Kc3 56. a5 Nxb4 57. axb6 Nd5 58.
Rh6 Kb4 59. Rd6 Kc5 60. Rd8 Nxb6 1/2-1/2

[Event "Madrid-ch 2020-2021 - Previa A"]
[Site "Madrid ESP"]
[Date "2021.02.22"]
[Round "7.2"]
[White "Rico Jimenez, Samuel"]
[Black "Barahona Torrijos, Angel"]
[Result "1/2-1/2"]
[WhiteElo "1834"]
[BlackElo "1842"]
[PlyCount "129"]
[EventDate "2021.02.08"]
[EventType "swiss"]
[EventRounds "9"]
[EventCountry "ESP"]
[SourceTitle "Ajedrez en Madrd"]
[Source "lmi"]
[SourceDate "2021.02.08"]
[SourceVersion "1"]
[SourceVersionDate "2021.03.04"]
[SourceQuality "1"]

1. e4 e5 2. Nf3 Nc6 3. Bc4 Nf6 4. d4 exd4 5. O-O Bc5 6. e5 d5 7. exf6 dxc4 8.
fxg7 Rg8 9. Bg5 Be7 10. Bxe7 Kxe7 11. Re1+ Be6 12. c3 Rxg7 13. Nxd4 Nxd4 14.
Qxd4 Qxd4 15. cxd4 Rd8 16. Re4 c5 17. Nd2 Rxd4 18. Re2 Kd6 19. Nf3 Rd5 20. Rc2
b5 21. g3 Rd3 22. Ne1 Rd4 23. Nf3 Rd5 24. b3 Bf5 25. Rcc1 Bd3 26. Nd2 cxb3 27.
axb3 f5 28. Ra3 Ke7 29. Rxa7+ Kf6 30. Ra6+ Kg5 31. f4+ Kh5 32. Nf3 Be4 33. Ng5
Rgd7 34. Nxe4 fxe4 35. Kg2 Kg4 36. h3+ Kf5 37. Rf1 Rd2+ 38. Kg1 e3 39. g4+ Ke4
40. Re6+ Kd3 41. Re1 e2 42. Kf2 c4 43. Re3+ Kc2 44. bxc4 bxc4 45. f5 c3 46. f6
h6 47. h4 Kb2 48. R3xe2 c2 49. Rxd2 Rxd2+ 50. Ke3 Rd6 51. Kf4 Rxf6+ 52. Ke5 Rf8
53. Rg1 c1=Q 54. Rxc1 Kxc1 55. g5 Rf7 56. g6 Rf1 57. g7 Rg1 58. Kf6 Kd2 59. Kf7
Ke3 60. g8=Q Rxg8 61. Kxg8 Kf4 62. Kg7 h5 63. Kf6 Kg4 64. Ke5 Kxh4 65. Kf4
1/2-1/2

[Event "Madrid-ch 2020-2021 - Previa A"]
[Site "Madrid ESP"]
[Date "2021.02.22"]
[Round "7.3"]
[White "Torres Rebolledo, Victor"]
[Black "Tapia Sanchez, Jose Manuel"]
[Result "1/2-1/2"]
[WhiteElo "1818"]
[BlackElo "1738"]
[PlyCount "148"]
[EventDate "2021.02.08"]
[EventType "swiss"]
[EventRounds "9"]
[EventCountry "ESP"]
[SourceTitle "Ajedrez en Madrd"]
[Source "lmi"]
[SourceDate "2021.02.08"]
[SourceVersion "1"]
[SourceVersionDate "2021.03.04"]
[SourceQuality "1"]

1. c4 Nf6 2. Nc3 c5 3. g3 Nc6 4. Bg2 e6 5. d3 d5 6. cxd5 exd5 7. Bg5 d4 8. Bxf6
gxf6 9. Ne4 f5 10. Nd2 Be7 11. Nh3 h5 12. Rc1 Bd7 13. a3 Qb8 14. Nf4 Bg5 15.
Nd5 b6 16. f4 Be7 17. b4 Qd8 18. Qb3 Rc8 19. O-O Be6 20. b5 Na5 21. Qa2 Kf8 22.
Rce1 Rc7 23. e4 dxe3 24. Rxe3 Rd7 25. Qb2 Rh6 26. Nxe7 Rxe7 27. Nf3 c4 28. d4
Bd5 29. Rfe1 Rhe6 30. Rxe6 fxe6 31. Ne5 Rh7 32. Qb4+ Kg8 33. Bf1 Be4 34. Qc3 h4
35. Re3 Qd5 36. Bxc4 Nxc4 37. Qxc4 Qxc4 38. Nxc4 Rd7 39. Nd2 Bc2 40. Nf3 hxg3
41. hxg3 Be4 42. Kf2 Rc7 43. Ng5 Rc2+ 44. Re2 Rxe2+ 45. Kxe2 Bd5 46. Kd3 Kf8
47. Kc3 Ke7 48. Nh3 Bg2 49. Nf2 Bf1 50. a4 Kd6 51. Nd1 Be2 52. Ne3 Bf3 53. Kd3
Be4+ 54. Kc3 Bf3 55. Kb4 Be2 56. Kc3 Bf3 57. Kd2 Bh5 58. Kd3 Bf3 59. Nc4+ Kd5
60. Ne3+ Kd6 61. Nc4+ Kd5 62. Ne3+ Kd6 63. Kc3 Be2 64. Kb4 Bf3 65. a5 Be2 66.
Ka4 Bd3 67. Kb4 Be2 68. a6 Bd3 69. Nc4+ Kc7 70. Ne5 Be4 71. Nc4 Bf3 72. Ne5 Be4
73. Nc4 Bf3 74. Ne5 Be4 1/2-1/2

[Event "Madrid-ch 2020-2021 - Previa A"]
[Site "Madrid ESP"]
[Date "2021.02.22"]
[Round "7.4"]
[White "Gutierrez Diaz, Pablo"]
[Black "Diaz-Roncero Gonzalez, Daniel"]
[Result "1-0"]
[WhiteElo "1879"]
[BlackElo "1552"]
[PlyCount "103"]
[EventDate "2021.02.08"]
[EventType "swiss"]
[EventRounds "9"]
[EventCountry "ESP"]
[SourceTitle "Ajedrez en Madrd"]
[Source "lmi"]
[SourceDate "2021.02.08"]
[SourceVersion "1"]
[SourceVersionDate "2021.03.04"]
[SourceQuality "1"]

1. e4 c5 2. Nf3 a6 3. c4 Nc6 4. d4 cxd4 5. Nxd4 Nf6 6. Nc3 d6 7. Be2 Qc7 8. Be3
e6 9. O-O Be7 10. Qd2 O-O 11. Rac1 Ne5 12. f3 Bd7 13. Nb1 Rac8 14. b4 Qb8 15.
g4 b5 16. g5 Ne8 17. cxb5 Rxc1 18. Rxc1 Bxb5 19. Nxb5 axb5 20. f4 Ng6 21. Rc6
Nc7 22. Qc2 Rc8 23. a4 Bd8 24. Bxb5 Ne7 25. Rb6 Qa7 26. Qd3 Nxb5 27. Rxd6 Qxe3+
28. Qxe3 Nxd6 29. Qd3 Nc4 30. Nc3 Bb6+ 31. Kg2 Ng6 32. Ne2 Ne3+ 33. Kf3 Nc4 34.
Kg3 h6 35. a5 Nxa5 36. Qa6 Rc6 37. Qa8+ Kh7 38. bxa5 Nxf4 39. Qxc6 Nxe2+ 40.
Kg2 Bxa5 41. Qb5 Nf4+ 42. Kf3 Bc7 43. Qd7 Be5 44. gxh6 Kxh6 45. Qxf7 g5 46. Kg4
Bg7 47. h4 Ng6 48. Qxe6 Kh7 49. hxg5 Nf8 50. Qf5+ Kg8 51. g6 Kh8 52. e5 1-0

[Event "Madrid-ch 2020-2021 - Previa A"]
[Site "Madrid ESP"]
[Date "2021.02.22"]
[Round "7.6"]
[White "Martin-Buitrago Lopez, Antonio"]
[Black "De Luna Butz, Alberto"]
[Result "1-0"]
[WhiteElo "1686"]
[BlackElo "1691"]
[PlyCount "99"]
[EventDate "2021.02.08"]
[EventType "swiss"]
[EventRounds "9"]
[EventCountry "ESP"]
[SourceTitle "Ajedrez en Madrd"]
[Source "lmi"]
[SourceDate "2021.02.08"]
[SourceVersion "1"]
[SourceVersionDate "2021.03.04"]
[SourceQuality "1"]

1. e4 c6 2. d4 d5 3. f3 e6 4. Nc3 Bb4 5. Nge2 dxe4 6. fxe4 Qh4+ 7. Ng3 Nf6 8.
Qf3 O-O 9. Bd2 Nbd7 10. O-O-O Qg4 11. Be2 Qxf3 12. gxf3 e5 13. dxe5 Nxe5 14. a3
Ba5 15. h3 Be6 16. b3 Bc7 17. f4 Ng6 18. e5 Bd5 19. Rhf1 Nd7 20. Nxd5 cxd5 21.
Be3 Bb6 22. Nf5 Bxe3+ 23. Nxe3 Ne7 24. Nxd5 Nxd5 25. Rxd5 Nb6 26. Rd6 Rac8 27.
Rfd1 g6 28. R1d3 h5 29. a4 Rc7 30. Rd8 a6 31. Kd2 Rxd8 32. Rxd8+ Kg7 33. Rd6
Nc8 34. Rd4 Ne7 35. Bc4 Nc6 36. Rd6 Ne7 37. Kd3 Nf5 38. Rd8 Ne7 39. e6 fxe6 40.
Bxe6 Kf6 41. Rd7 Rxd7+ 42. Bxd7 Nd5 43. Ke4 Nc7 44. c4 Ke7 45. Bc8 b6 46. Ke5
a5 47. f5 gxf5 48. Kxf5 Ne8 49. Kg5 Nf6 50. Bf5 1-0

[Event "Madrid-ch 2020-2021 - Previa A"]
[Site "Madrid ESP"]
[Date "2021.02.22"]
[Round "7.7"]
[White "Pujante Martinez, Rafael"]
[Black "Sanchez Romeralo, Jaime"]
[Result "0-1"]
[WhiteElo "1911"]
[BlackElo "1755"]
[PlyCount "108"]
[EventDate "2021.02.08"]
[EventType "swiss"]
[EventRounds "9"]
[EventCountry "ESP"]
[SourceTitle "Ajedrez en Madrd"]
[Source "lmi"]
[SourceDate "2021.02.08"]
[SourceVersion "1"]
[SourceVersionDate "2021.03.04"]
[SourceQuality "1"]

1. e4 c5 2. Nc3 e6 3. Nge2 a6 4. d4 cxd4 5. Nxd4 b5 6. g3 b4 7. Nce2 Bb7 8. Bg2
Nf6 9. f3 Qb6 10. Nb3 Nc6 11. Bg5 Be7 12. Qd2 Ne5 13. Be3 Qc7 14. Bf4 a5 15.
Qd4 d6 16. Nd2 Ba6 17. Rc1 Nc6 18. Qf2 e5 19. Be3 d5 20. Bb6 Qb7 21. exd5 Nxd5
22. Bc5 Bxe2 23. Bxe7 Qxe7 24. Qxe2 Nd4 25. Qe4 Rd8 26. O-O f5 27. Qd3 Nf6 28.
Nb3 Nxb3 29. Qxb3 Qc5+ 30. Kh1 Qd5 31. Qa4+ Kf7 32. c3 bxc3 33. bxc3 Rhe8 34.
c4 Qc5 35. Rb1 Rb8 36. Rb5 Rxb5 37. cxb5 Rb8 38. Qb3+ Qd5 39. Qxd5+ Nxd5 40. a4
Nc3 41. Ra1 Ke7 42. Kg1 Kd6 43. Bf1 Kc5 44. Bd3 g6 45. Bc2 Rd8 46. Ra3 Kc4 47.
Ra1 Rd2 48. Re1 Rxc2 49. Rxe5 Nxa4 50. b6 Nc5 51. Re7 Rb2 52. Ra7 a4 53. Rxh7
Rxb6 54. Ra7 Ra6 0-1

[Event "Madrid-ch 2020-2021 - Previa A"]
[Site "Madrid ESP"]
[Date "2021.02.22"]
[Round "7.8"]
[White "Villodre Miranda, Juan Alonso"]
[Black "Huerto Moreno, Jorge"]
[Result "0-1"]
[WhiteElo "1577"]
[BlackElo "1796"]
[PlyCount "66"]
[EventDate "2021.02.08"]
[EventType "swiss"]
[EventRounds "9"]
[EventCountry "ESP"]
[SourceTitle "Ajedrez en Madrd"]
[Source "lmi"]
[SourceDate "2021.02.08"]
[SourceVersion "1"]
[SourceVersionDate "2021.03.04"]
[SourceQuality "1"]

1. c4 Nf6 2. Nc3 g6 3. g3 Bg7 4. Bg2 Nc6 5. e4 e5 6. Nge2 O-O 7. O-O d6 8. d3
Nd7 9. f4 f5 10. h3 Nc5 11. a3 a5 12. Kh2 fxe4 13. dxe4 Nd4 14. Nxd4 exd4 15.
Ne2 d3 16. Nc3 Bxc3 17. bxc3 Be6 18. Be3 Bxc4 19. Bxc5 dxc5 20. Rf2 Ra6 21. Rd2
b5 22. Qg1 Qe7 23. Qe3 Rd8 24. Bf1 Rad6 25. e5 R6d7 26. h4 b4 27. axb4 axb4 28.
cxb4 cxb4 29. Rc1 Rd4 30. Bg2 c5 31. Bf3 Be6 32. Bd1 c4 33. Bc2 Bf5 0-1

[Event "Madrid-ch 2020-2021 - Previa A"]
[Site "Madrid ESP"]
[Date "2021.02.22"]
[Round "7.9"]
[White "Giron Herranz, Juan"]
[Black "Alonso Pardo, Daniel"]
[Result "1-0"]
[WhiteElo "1796"]
[BlackElo "1568"]
[PlyCount "105"]
[EventDate "2021.02.08"]
[EventType "swiss"]
[EventRounds "9"]
[EventCountry "ESP"]
[SourceTitle "Ajedrez en Madrd"]
[Source "lmi"]
[SourceDate "2021.02.08"]
[SourceVersion "1"]
[SourceVersionDate "2021.03.04"]
[SourceQuality "1"]

1. d4 d5 2. c4 c6 3. Nc3 Nf6 4. Nf3 g6 5. Bg5 Bg7 6. e3 O-O 7. Rc1 Bg4 8. h3
Bf5 9. Bd3 Ne4 10. Bxe4 Bxe4 11. Nxe4 dxe4 12. Nd2 f5 13. Qb3 Qd7 14. c5+ e6
15. Nc4 h6 16. Bf4 g5 17. Bd6 Rf7 18. h4 g4 19. Ke2 h5 20. f3 exf3+ 21. gxf3
Na6 22. fxg4 hxg4 23. Ne5 Bxe5 24. Bxe5 Kh7 25. Rcf1 Rg8 26. Bd6 Qc8 27. Rf4
Nc7 28. e4 Ne8 29. Be5 Qd7 30. Rhf1 Ng7 31. Bxg7 Kxg7 32. Qd3 Rgf8 33. b4 a6
34. a3 Kg6 35. exf5+ exf5 36. Rxg4+ Kf6 37. Rgf4 Ke7 38. Kd2 Qd5 39. Re1+ Kd7
40. Re5 Qa2+ 41. Ke3 Qa1 42. Rf1 f4+ 43. Kf3 Qb2 44. Re2 Re7 45. Rxb2 Re3+ 46.
Qxe3 fxe3+ 47. Ke2 Rg8 48. Kxe3 Rg3+ 49. Rf3 Rg4 50. Rh2 Ke6 51. Kd3 Kd5 52.
Rf5+ Ke6 53. Re5+ 1-0

[Event "Madrid-ch 2020-2021 - Previa A"]
[Site "Madrid ESP"]
[Date "2021.02.22"]
[Round "7.10"]
[White "Martinez Miura, Enrique"]
[Black "Pashov, Spas Nikolov"]
[Result "0-1"]
[WhiteElo "1571"]
[BlackElo "1819"]
[PlyCount "120"]
[EventDate "2021.02.08"]
[EventType "swiss"]
[EventRounds "9"]
[EventCountry "ESP"]
[SourceTitle "Ajedrez en Madrd"]
[Source "lmi"]
[SourceDate "2021.02.08"]
[SourceVersion "1"]
[SourceVersionDate "2021.03.04"]
[SourceQuality "1"]

1. e4 e5 2. Nf3 Nc6 3. Bb5 f5 4. d3 fxe4 5. dxe4 Nf6 6. Bxc6 bxc6 7. O-O d6 8.
Re1 Bg4 9. h3 Bxf3 10. Qxf3 Be7 11. c4 O-O 12. Qe2 Qe8 13. Be3 Nxe4 14. Bxa7
Rxa7 15. Qxe4 Rf4 16. Qe3 Qa8 17. Nc3 Rxc4 18. Kh1 Rb7 19. b3 Rf4 20. Ne2 Rf7
21. Nc3 Rb4 22. Ne4 Qa6 23. a3 Rd4 24. Ng5 Rd3 25. Qc1 Rxf2 26. Ne4 Rf4 27. a4
Rxb3 28. Qc2 Rb4 29. a5 h6 30. g3 Rf8 31. Qa2+ Kh8 32. Qe6 Bd8 33. Nxd6 cxd6
34. Qxd6 Be7 35. Qxe7 Rfb8 36. Qxe5 R4b5 37. Qd6 Qa8 38. Red1 c5+ 39. Qd5 Rxa5
40. Rxa5 Qxa5 41. Rc1 Rc8 42. Qb7 Qd8 43. Qe4 Qc7 44. Kh2 c4 45. Rc3 Qc5 46.
Kg2 Rf8 47. Rf3 c3 48. Rxf8+ Qxf8 49. Qc4 Qf6 50. Qc8+ Kh7 51. Qc4 Qe5 52. Qd3+
Kg8 53. Qd8+ Kf7 54. Qd7+ Kf6 55. Qd8+ Kf5 56. Qf8+ Ke4 57. Qf3+ Kd4 58. Qd1+
Kc5 59. Qg1+ Qd4 60. Qc1 Qd2+ 0-1

[Event "Madrid-ch 2020-2021 - Previa A"]
[Site "Madrid ESP"]
[Date "2021.02.22"]
[Round "7.11"]
[White "Giron Herranz, Ivan"]
[Black "Peña Gutierrez, Jacobo"]
[Result "1-0"]
[WhiteElo "1380"]
[BlackElo "1151"]
[PlyCount "43"]
[EventDate "2021.02.08"]
[EventType "swiss"]
[EventRounds "9"]
[EventCountry "ESP"]
[SourceTitle "Ajedrez en Madrd"]
[Source "lmi"]
[SourceDate "2021.02.08"]
[SourceVersion "1"]
[SourceVersionDate "2021.03.04"]
[SourceQuality "1"]

1. d4 Nf6 2. Bg5 Ne4 3. Bf4 g6 4. f3 Nf6 5. e4 d6 6. Qd2 Bg7 7. Nc3 O-O 8.
O-O-O Nbd7 9. Bh6 Re8 10. e5 Bxh6 11. Qxh6 Nh5 12. g4 Ng7 13. h4 Nf8 14. Nge2
dxe5 15. dxe5 Bd7 16. Nf4 Qc8 17. h5 Nge6 18. hxg6 fxg6 19. Bc4 Kh8 20. Nxg6+
Kg8 21. Nxf8 Rxf8 22. Qxh7# 1-0

[Event "Madrid-ch 2020-2021 - Previa A"]
[Site "Madrid ESP"]
[Date "2021.02.22"]
[Round "7.12"]
[White "Torres Rebolledo, Alvaro"]
[Black "Hernandez Brea, Rolando"]
[Result "1-0"]
[WhiteElo "1251"]
[BlackElo "1455"]
[PlyCount "94"]
[EventDate "2021.02.08"]
[EventType "swiss"]
[EventRounds "9"]
[EventCountry "ESP"]
[SourceTitle "Ajedrez en Madrd"]
[Source "lmi"]
[SourceDate "2021.02.08"]
[SourceVersion "1"]
[SourceVersionDate "2021.03.04"]
[SourceQuality "1"]

1. e4 e6 2. d4 d5 3. e5 c5 4. c3 Nc6 5. Nf3 Qb6 6. a3 Nh6 7. b4 cxd4 8. cxd4
Nf5 9. Bb2 Be7 10. Bd3 O-O 11. O-O f6 12. Bxf5 exf5 13. Nc3 Be6 14. Re1 a6 15.
exf6 Rxf6 16. Ng5 Nd8 17. Nxe6 Rxe6 18. Nxd5 Qd6 19. Rxe6 Nxe6 20. Nxe7+ Qxe7
21. d5 Rd8 22. Qb3 Ng5 23. h4 Ne4 24. Re1 Qxh4 25. d6+ Kf8 26. Qf3 Nxd6 27. Be5
g6 28. Bxd6+ Rxd6 29. Qxb7 h5 30. Qh7 Qf6 31. Qh6+ Kf7 32. Qh7+ Kf8 33. Qh6+
Kf7 34. Rc1 Rd7 35. g3 Qg7 36. Qf4 Qd4 37. Rc7 Qd1+ 38. Kh2 Qd3 39. Rxd7+ Qxd7
40. Qc4+ Qe6 41. Qxe6+ Kxe6 42. Kh3 g5 43. a4 Kd5 44. f4 g4+ 45. Kh4 Kc4 46. b5
axb5 47. axb5 Kxb5 1-0

[Event "Madrid-ch 2020-2021 - Previa A"]
[Site "Madrid ESP"]
[Date "2021.02.22"]
[Round "7.14"]
[White "Darrazi Anbari, Munir"]
[Black "Torres Rebolledo, Marcos"]
[Result "1-0"]
[WhiteElo "1376"]
[BlackElo "1334"]
[PlyCount "91"]
[EventDate "2021.02.08"]
[EventType "swiss"]
[EventRounds "9"]
[EventCountry "ESP"]
[SourceTitle "Ajedrez en Madrd"]
[Source "lmi"]
[SourceDate "2021.02.08"]
[SourceVersion "1"]
[SourceVersionDate "2021.03.04"]
[SourceQuality "1"]

1. e4 c5 2. Nf3 d6 3. Bb5+ Nc6 4. d4 cxd4 5. Qxd4 Bd7 6. Qd3 Rc8 7. c4 a6 8.
Bxc6 Bxc6 9. O-O Nf6 10. Nc3 g6 11. Rd1 Qc7 12. Bg5 Bg7 13. Rac1 Qb6 14. b3 Ng4
15. Bh4 Bf6 16. Bg3 Qa5 17. h3 Bxc3 18. Rxc3 Nf6 19. e5 Bxf3 20. Qxf3 dxe5 21.
Qxb7 O-O 22. Rcd3 Rc7 23. b4 Rxb7 24. bxa5 Rb4 25. Bxe5 Rxc4 26. Bxf6 exf6 27.
Rg3 Rc6 28. Rd7 Kg7 29. Ra7 Rd8 30. Rb3 f5 31. Rbb7 Rf6 32. Rb6 Rdd6 33. Raxa6
Rd1+ 34. Kh2 Rxb6 35. axb6 Rb1 36. a4 Kf8 37. a5 Ke8 38. Ra7 Kd8 39. b7 Kc7 40.
a6 Rb6 41. Ra8 h5 42. Rc8+ Kd7 43. b8=Q Rxb8 44. Rxb8 Kc7 45. a7 f6 46. a8=Q
1-0

[Event "Madrid-ch 2020-2021 - Previa A"]
[Site "Madrid ESP"]
[Date "2021.02.23"]
[Round "8.1"]
[White "Tapia Sanchez, Jose Manuel"]
[Black "Morera Rodriguez, Ignacio"]
[Result "1/2-1/2"]
[WhiteElo "1738"]
[BlackElo "1924"]
[PlyCount "100"]
[EventDate "2021.02.08"]
[EventType "swiss"]
[EventRounds "9"]
[EventCountry "ESP"]
[SourceTitle "Ajedrez en Madrd"]
[Source "lmi"]
[SourceDate "2021.02.08"]
[SourceVersion "1"]
[SourceVersionDate "2021.03.04"]
[SourceQuality "1"]

1. e4 c5 2. Nc3 a6 3. d4 cxd4 4. Qxd4 Nc6 5. Qd2 d6 6. b3 Nf6 7. Bb2 b5 8.
O-O-O e5 9. f4 Be7 10. Nf3 O-O 11. Kb1 b4 12. Nd5 Nxe4 13. Qe1 Nc3+ 14. Nxc3
bxc3 15. Qxc3 Qb6 16. fxe5 dxe5 17. Nxe5 Nxe5 18. Qxe5 Bf6 19. Qg3 Bxb2 20.
Kxb2 a5 21. a4 Bf5 22. Bd3 Be6 23. Qh4 g6 24. Qf6 Rab8 25. h4 Qb4 26. Bb5 Rxb5
27. axb5 a4 28. Rd3 Rc8 29. Rd8+ Rxd8 30. Qxd8+ Kg7 31. Qd3 a3+ 32. Ka2 Bf5 33.
Qc4 Qd2 34. Kxa3 Bxc2 35. Qb4 Qxg2 36. Rc1 Bf5 37. b6 Qa8+ 38. Qa4 Qd5 39. Qc6
Qa5+ 40. Kb2 Qd2+ 41. Rc2 Bxc2 42. Qxc2 Qd5 43. Qc7 Qd2+ 44. Qc2 Qd5 45. Qc3+
Kh6 46. Qe3+ Kg7 47. Qc3+ Kh6 48. Qf6 Qd2+ 49. Kb1 Qd1+ 50. Ka2 Qd2+ 1/2-1/2

[Event "Madrid-ch 2020-2021 - Previa A"]
[Site "Madrid ESP"]
[Date "2021.02.23"]
[Round "8.2"]
[White "Barahona Torrijos, Angel"]
[Black "Gutierrez Diaz, Pablo"]
[Result "0-1"]
[WhiteElo "1842"]
[BlackElo "1879"]
[PlyCount "48"]
[EventDate "2021.02.08"]
[EventType "swiss"]
[EventRounds "9"]
[EventCountry "ESP"]
[SourceTitle "Ajedrez en Madrd"]
[Source "lmi"]
[SourceDate "2021.02.08"]
[SourceVersion "1"]
[SourceVersionDate "2021.03.04"]
[SourceQuality "1"]

1. d4 f5 2. f3 d6 3. e4 e6 4. Nc3 Be7 5. Bc4 fxe4 6. fxe4 Nf6 7. Nf3 O-O 8. e5
dxe5 9. Nxe5 c5 10. d5 b5 11. Bxb5 Nxd5 12. Qh5 Rf5 13. Qe2 Nxc3 14. bxc3 Bf6
15. Nd3 Bxc3+ 16. Bd2 Bxa1 17. c3 Qf6 18. g4 Bb7 19. gxf5 Bxh1 20. fxe6 Nc6 21.
Bc4 Qh4+ 22. Nf2 Ne7 23. Kd1 Rf8 24. Nd3 Bf3 0-1

[Event "Madrid-ch 2020-2021 - Previa A"]
[Site "Madrid ESP"]
[Date "2021.02.23"]
[Round "8.3"]
[White "Vukotic Jovsic, Dragan"]
[Black "Torres Rebolledo, Victor"]
[Result "1-0"]
[WhiteElo "1879"]
[BlackElo "1818"]
[PlyCount "53"]
[EventDate "2021.02.08"]
[EventType "swiss"]
[EventRounds "9"]
[EventCountry "ESP"]
[SourceTitle "Ajedrez en Madrd"]
[Source "lmi"]
[SourceDate "2021.02.08"]
[SourceVersion "1"]
[SourceVersionDate "2021.03.04"]
[SourceQuality "1"]

1. d4 d5 2. Nf3 Nf6 3. c4 e6 4. Nc3 Be7 5. Bf4 O-O 6. e3 c5 7. cxd5 Nxd5 8.
Nxd5 Qxd5 9. dxc5 Qxd1+ 10. Rxd1 Bxc5 11. Bb5 a6 12. Ba4 b5 13. Bc2 Bb7 14. Ng5
h6 15. Ne4 Bb4+ 16. Ke2 Bd5 17. a3 Be7 18. Nc3 Bc6 19. Be4 b4 20. axb4 Bxb4 21.
Bd6 Bxd6 22. Rxd6 Rc8 23. Rhd1 Bxe4 24. Rd8+ Rxd8 25. Rxd8+ Kh7 26. Nxe4 Kg6
27. Nc5 1-0